Tilastot visalle Afrikan 10 rikkainta valtiota

Klikkaa tästä pelataksesi tätä visaa!

Yleistilastot

  • Tätä visaa on pelattu 392 kertaa
  • Keskiarvotulos 7 / 10

Vastaustilastot

BKT per asukasValtio% Oikein
16 091 $Etelä-Afrikka
97%
16 979 $Egypti
96%
13 507 $Algeria
85%
13 270 $Tunisia
82%
24 599 $Libya
77%
39 662 $Seychellit
70%
29 164 $Mauritius
65%
19 398 $Botswana
52%
19 197 $Gabon
45%
18 510 $Päiväntasaajan Guinea
39%

Tulosjakauma

Persentiili vastausten määrän mukaan

Jokaisen tuloksen saaneiden osuus

Tuloshistoriasi

Et ole pelannut tätä visaa